| 000 | 004450000a22001690004500 | ||
|---|---|---|---|
| 003 | MACL | ||
| 005 | 20151227130240.0 | ||
| 008 | 151227b xxu||||| |||| 00| 0 eng d | ||
| 040 |
_aMACL _cMACL |
||
| 041 | _aEnglish | ||
| 082 | _a020/PHI | ||
| 100 |
_aPhilip, Alex J _923152 |
||
| 245 | _aThe Libraries Museums and Art Galleries Year book 1914 | ||
| 260 | _bStanley Paul & co Ltd | ||
| 650 |
_aLibrary Science _957 |
||
| 942 |
_cBK _k020/PHI _2ddc |
||
| 999 |
_c38333 _d38333 |
||